| 000 | 00740nam a2200241 a 4500 | ||
|---|---|---|---|
| 001 | BRCA_5742 | ||
| 005 | 20190320205211.0 | ||
| 008 | 040311s1921----mx-a######---#000-0#spa-# | ||
| 041 | _aspa | ||
| 044 | _amx | ||
| 050 | 4 |
_aN5230 _b.P36 1921 |
|
| 110 | 2 |
_aPani, Alberto J. _914567 |
|
| 245 | 1 | 0 |
_aCatálogo de las Pinturas y Dibujos de la Colección Pani _cTexto del Dr. Atl. |
| 260 |
_aMéxico _bUniversidad Nacional _c1921 |
||
| 300 |
_a55 p. _bil., 41 láminas _c24 cm. |
||
| 500 | _aEstado físico: encuadernación y láminas deterioradas | ||
| 500 | _aE185 | ||
| 650 | 1 | 4 |
_aPintura _eDibujo _zMéxico _911995 |
| 650 | 1 | 4 |
_aArte _xColecciones privadas _914568 |
| 700 | 1 |
_aAtl _cDr. _d1875-1964 _914569 |
|
| 902 | _aGFM | ||
| 942 |
_2lcc _cB |
||
| 999 |
_c5432 _d5432 |
||